| 000 -CABECERA |
| Longitud fija campo de control |
00618nam a2200193 a 4500 |
| 001 - NÚMERO DE CONTROL |
| Número de control |
825 |
| 003 - IDENTIFICADOR DEL NÚMERO DE CONTROL |
| Identificador del número de control |
CDMR |
| 005 - FECHA Y HORA DE LA ÚLTIMA TRANSACCIÓN |
| Fecha y hora de la última transacción |
20131029103349.0 |
| 008 - CÓDIGOS DE INFORMACIÓN DE LONGITUD FIJA |
| Códigos de información de longitud fija |
130130s2001||||||||||||||||||||||||||||d |
| 020 ## - NÚMERO INTERNACIONAL NORMALIZADO PARA LIBROS |
| Número Internacional Normalizado para Libros (ISBN) |
849303844X |
| 040 ## - FUENTE DE LA CATALOGACIÓN |
| Centro catalogador de origen |
CDMR |
| Lengua de catalogación |
cat |
| Centro transcriptor |
CDMR |
| 100 1# - PUNTO DE ACCESO PRINCIPAL-NOMBRE DE PERSONA |
| Nombre de persona |
Costa i Fernández, Lluís |
| 9 (RLIN) |
647 |
| 245 13 - MENCIÓN DE TÍTULO |
| Título |
El Autonomista |
| Resto del título |
: el diari dels Rahola : els orígens del periodisme modern a Girona : 1898-1939 |
| Mención de responsabilidad, etc. |
Lluís Costa |
| 260 ## - PUBLICACIÓN, DISTRIBUCIÓN, ETC. (PIE DE IMPRENTA) |
| Lugar de publicación, distribución, etc. |
Girona |
| Fecha de publicación, distribución, etc. |
2000 |
| Nombre del editor, distribuidor, etc. |
Col·legi de Periodistes de Catalunya. Demarcació de Girona |
| 300 ## - DESCRIPCIÓN FÍSICA |
| Extensión |
243 p. |
| 490 0# - MENCIÓN DE SERIE |
| Mención de serie |
Papers de comunicació |
| Designación de volumen o secuencia |
1 |
| 650 04 - PUNTO DE ACCESO ADICIONAL DE MATERIA - TÉRMINO DE MATERIA |
| 9 (RLIN) |
3553 |
| Término de materia o nombre geográfico como elemento inicial |
Premsa |
| Subdivisión geográfica |
Girona |
| 942 ## - ENTRADA DE ELEMENTOS AGREGADOS (KOHA) |
| Koha [por defecto] tipo de item |
Monografies |
| Fuente de clasificaión o esquema |
|